| 000 | 00521nam a2200181 a 4500 | ||
|---|---|---|---|
| 001 | 1843 | ||
| 005 | 20140414131917.0 | ||
| 008 | 010423s19uu xx 00 eng d | ||
| 050 |
_aER _bT41 1994 |
||
| 100 | _aBryant, Robyn | ||
| 245 |
_aThree little pigs (The) / _ctext by Robyn Bryant; illustrated by Stephane Turgeon for Zapp. |
||
| 260 |
_aMontreal, Canada : _bTormont, _c1994. |
||
| 300 | _a1v. (unp.) : ill. ; cm. | ||
| 650 | _aFolktales. | ||
| 650 | _aChildren stories. | ||
| 999 |
_c111551 _d111551 |
||